| 000 | 00957nam a22002177a 4500 | ||
|---|---|---|---|
| 999 |
_c4266 _d4266 |
||
| 003 | AR-CdUCM | ||
| 008 | 190308b ||||| |||| 00| 0 spa d | ||
| 040 |
_aMUNICIPALIDAD PROVINCIAL DEL CUSCO _cBIBLIOTECA MUNICIPAL DEL CUSCO |
||
| 082 |
_22ed. _a784.4985 / _bSA25 |
||
| 100 |
_aSanta Cruz Gamarra, César _913485 |
||
| 245 | _aEl Waltz y el valse criollo / | ||
| 260 |
_aLima : _c1989. |
||
| 300 |
_a193 páginas ; _bilustraciones, _c21 cm. |
||
| 500 | _aCubierta: Nuevas consideraciones acerca del valse criollo" | ||
| 505 | _aContenido: Ambiente musical popular en la Lima de 1900 -- Músicos populares criollos de ayer -- Postreros años de la tradición musical popular limeña -- El vals en la Lima criolla de fin de siglo -- El valse y la mazurca -- El valse y la jota ... | ||
| 650 |
_aVals peruano (Música y baile) _913486 |
||
| 650 |
_aHistoria y crítica _95993 |
||
| 650 |
_aMúsica criolla _913487 |
||
| 942 |
_2ddc _cLIBROS |
||
| 945 | _aachl | ||